00301nam a2200121Ia 45000030006000000080041000060400015000471000054000622450025001162600009001415460012001500050017001620STCL150530s9999 xx 000 0 und d aSTCLcSTCL aHarold Williamson, F.; John Buttricks, A.; Editor aEconomic development c1964 aEnglish20220125165633.0